World Cities by Letter T - Picture Quiz - Statistics

General Stats
  • This quiz has been taken 168 times
  • The average score is 6 of 18
Answer Stats
Picture Answer % Correct
Toronto
86%
Turin
78%
Tokyo
75%
Tel Aviv
58%
Tehran
57%
Taipei
54%
Tijuana
38%
Tashkent
33%
Trondheim
30%
Tallinn
26%
Tbilisi
26%
Thessaloniki
17%
Tianjin
17%
Toulouse
14%
Tirana
11%
Toledo
9%
Tripoli
9%
Tampa
8%
No matching quizzes found
Score Distribution
Percent of People with Each Score
Percentile by Number Answered
Your Score History
You have not taken this quiz